00441 2200169 4500001002100000008004100021035002000062245007100082100001600153250000600169260003600175300001200211084001400223082000800237650001400245990001200259INLIS000000000001091 ind  a0010-0524000326 aBiografi KH. Zainul Arifin; Berdzikir Menyiasati AngincArio Helmy aHelmy, Ario a1 aJakarta :bPucuk Pimpinanc2009 a182 hlm a200 ARI b a200 aNon Fiksi a0744069